000 00579nam a2200217Ia 4500
005 20250923145347.0
008 008 250917s9999 xx 000 0 eng d
037 _aTextual
040 _aDSWL
_beng
_cDSWL
041 _aeng
_2eng
084 _aY:1:7, N75;1
_qDSWL
100 _aMoore, W.E.
_9834467
245 0 _aSocial Change
_c by W.E. Moore
250 _a2nd
260 _aNew Delhi
_b Prentice Hall of India
_c1975
300 _ax,132p.
365 _aINR
_b8 . 59
925 _g8 . 59
942 _cTEXL
_hY:1:7, N75;1
999 _c1450431
_d1450431